Women's participation in panchayati raj: Nature and effectiveness a Northern India perspective (Record no. 20964)

MARC details
000 -LEADER
fixed length control field 00515nam a2200169Ia 4500
008 - FIXED-LENGTH DATA ELEMENTS--GENERAL INFORMATION
fixed length control field 230917s9999||||xx |||||||||||||| ||und||
020 ## - ISBN
Price RS895
040 ## - CATALOGING SOURCE
-- 237357
Original cataloging agency VIVEKANANDA LIBRARY
041 ## - Language
-- English
082 ## - DDC NUMBER
Classification number 352.054 S64W
100 ## - MAIN ENTRY--PERSONAL NAME
Personal name Singla, Pamela
245 #0 - TITLE STATEMENT
Title Women's participation in panchayati raj: Nature and effectiveness a Northern India perspective
260 ## - PUBLICATION, DISTRIBUTION, ETC. (IMPRINT)
Place of publication, distribution, etc Jaipur
Name of publisher, distributor, etc Rawat Publications
Date of publication, distribution, etc 2007
300 ## - PHYSICAL DESCRIPTION
Pages vii, 285 p.
500 ## - GENERAL NOTE
General note 2570 18/01/2017 RK17/3465 19/01/2017 Main Budget
942 ## - ADDED ENTRY ELEMENTS (KOHA)
Koha item type Books
Holdings
Withdrawn status Lost status Damaged status Not for loan Location (home branch) Sublocation or collection (holding branch) Date acquired Koha issues (times borrowed) Koha full call number Accession No. Koha date last seen Koha item type
        VIVEKANANDA LIBRARY VIVEKANANDA LIBRARY 15/02/2017 1 352.054 S64W 360501 31/01/2024 Books
        VIVEKANANDA LIBRARY VIVEKANANDA LIBRARY 15/02/2017   352.054 S64W 365627 17/09/2023 Books
© Designed and Maintained by Vivekananda Library, MDU Rohtak